=LDR 00000nam 2200000 4500 =001 INLIS000000000043552 =005 20131008103423 =008 ***********************************ind** =035 ##$$0010-101300000001474 =041 ##$$a ind =082 ##$$a 495.603 =090 ##$$a R495.603, Sya k =100 ##$$a Syah, Jalinus =245 ##$$a Kamus Lengkap Jepang-Indonesia Indonesia_Jepang, Jalinus Syah =260 ##$$a 2004 $b Jakarta =300 ##$$a vi, 253 hlm, 21 cm =650 ##$$a BAHASA JEPANG-KAMUS =850 ##$$a NBPNMAT